000 01142nam a22002297a 4500
001 665
005 20250807150210.0
020 _a9781740898119
040 _aFISKH
_beng
_cFISKH
_dFISKH
082 _a578.7
100 _aRyan, Denise
245 _aBy the shore /
260 _aAustralia :
_bWeldon Owen ;
_c2008.
300 _a24 pages ;
_bcolor illustrations ,
_c23 cm.
490 _aTop Readers
_vStage 1.
505 _aD
520 _aThese books are designed for children who are beginning to read. They feature a single, familiar topic and concept, single word labels, strong word-picture match and consistent placement of text. A series of beautifully designed, fact-filled books, richly illustrated with a wealth of accurate, full-colour illustrations, intriguing diagrams, cross sections and cutaways. The text has been carefully leveled to support children's reading development. Ideal to help all beginner readers gain confidence while they practice their reading skills enthusiastically.
521 _a300
_bLexile
521 _aD
_bRaz-Plus
650 _aShore animals and plants
_vNature
942 _2ddc
_cBK
_n0
999 _c665
_d665